000 00419nam a22001697a 4500
005 20160623100023.0
008 160623b xxu||||| |||| 00| 0 eng d
020 _a81-259-0936-2
041 _aeng
082 _b9064
100 _aMishra, M.N.
_91260
245 _aOrganizational Behaviour
260 _aNew Delhi
_bVikas Publishing House (P) Ltd.
_c2010
300 _a477
650 _aManagement
_9241
942 _cBK
999 _c3621
_d3620